00526nam a2200169 a 450000500170000000800410001702000180005805000220007610000180009824500570011626000370017330000070021044000240021750000220024152000470026365000460031020140412111412.0070207s19uu xx 00 eng d a1-84538-237-4 aM 612.8bH49 2005 aHewitt, Sally aLet's start science :bTastse good! /cSally Hewitt. aLondon :bQed Publishing,c2005. a23 aLet's start science aIncludes glossary aAn exciting way to learn about your senses aSense and sensation-- Juvenile literature